[Event "GBR-ch106 Senior Over 65"]
[Site "Torquay"]
[Date "2019.07.31"]
[Round "3.18"]
[White "Goodwin, Ed H"]
[Black "De Coverly, Roger D"]
[Result "1/2-1/2"]
[WhiteElo "1825"]
[BlackElo "1928"]
[PlyCount "114"]
[EventDate "2019.07.29"]
[EventType "swiss"]
[EventRounds "7"]
[EventCountry "GBR"]

1. d4 Nf6 2. Nc3 c5 3. d5 d6 4. e4 a6 5. a4 g6 6. Be2 Bg7 7. Nf3 O-O 8. O-O
Nbd7 9. h3 Rb8 10. a5 Ne8 11. Nd2 Nc7 12. f4 Nf6 13. Bf3 Nb5 14. Nxb5 axb5 15.
Nb3 e6 16. Be3 exd5 17. e5 dxe5 18. Bxc5 Re8 19. fxe5 Rxe5 20. Bd4 Re6 21. Nc5
Rc6 22. Be2 b4 23. Bb5 Rd6 24. Be5 Bf5 25. Rxf5 gxf5 26. Bd3 Ne4 27. Bxd6 Qxd6
28. Nb3 Bxb2 29. Bxe4 fxe4 30. Rb1 Bc3 31. Qg4+ Qg6 32. Qd7 Qe6 33. Qc7 Be5 34.
Qc5 Rc8 35. Qxb4 Qc6 36. Nd4 Bxd4+ 37. Qxd4 Qc5 38. Qxc5 Rxc5 39. Rxb7 Rxa5 40.
Rc7 Kg7 41. Kf2 Kf6 42. Ke3 Ke6 43. Kd4 Ra4+ 44. Ke3 h5 45. Rc8 f5 46. Kf4 Rc4
47. Rh8 Rxc2 48. Rh6+ Ke7 49. Rxh5 Rxg2 50. Ke5 e3 51. Rh7+ Kf8 52. Ra7 Rd2 53.
Kf6 Ke8 54. Re7+ Kd8 55. Rxe3 d4 56. Rf3 d3 57. Kxf5 Ke7 1/2-1/2

[Event "GBR-ch106 Senior Over 65"]
[Site "Torquay"]
[Date "2019.07.31"]
[Round "3.19"]
[White "Walkowiak, Adam"]
[Black "Skinner, Nicholas H"]
[Result "1-0"]
[WhiteElo "1698"]
[BlackElo "1905"]
[PlyCount "95"]
[EventDate "2019.07.29"]
[EventType "swiss"]
[EventRounds "7"]
[EventCountry "GBR"]

1. d4 Nf6 2. c4 e6 3. Nc3 Bb4 4. e3 O-O 5. Bd3 d5 6. Nge2 dxc4 7. Bxc4 c5 8.
O-O Nc6 9. a3 Bxc3 10. bxc3 Na5 11. Ba2 Qc7 12. Bb2 c4 13. Ng3 b6 14. e4 Bb7
15. Re1 Qf4 16. f3 Rfd8 17. Bc1 Qh4 18. Be3 Nd7 19. Qd2 h6 20. Rab1 Nc5 21. Qe2
Ncb3 22. e5 Rac8 23. Rb2 Qe7 24. Bb1 f5 25. Nh5 Qf7 26. f4 b5 27. g4 Nc6 28.
gxf5 exf5 29. Kf2 Ne7 30. Rg1 g6 31. Nf6+ Kh8 32. Qf1 Nd5 33. Qh3 Nxf6 34. exf6
Qh7 35. Bxf5 gxf5 36. Rg7 Qxg7 37. fxg7+ Kxg7 38. Qxf5 Rf8 39. Qe5+ Rf6 40. Rb1
Kf7 41. Qxb5 Rc7 42. Rg1 Be4 43. Qb8 Rb7 44. Qg8+ Ke7 45. Rg7+ Kd6 46. Rxb7
Bxb7 47. Qb8+ Kc6 48. d5+ 1-0

[Event "GBR-ch106 Senior Over 65"]
[Site "Torquay"]
[Date "2019.07.31"]
[Round "3.20"]
[White "Cresswell, Mike J"]
[Black "Charnley, Bernard J"]
[Result "0-1"]
[WhiteElo "1685"]
[BlackElo "1875"]
[PlyCount "138"]
[EventDate "2019.07.29"]
[EventType "swiss"]
[EventRounds "7"]
[EventCountry "GBR"]

1. e4 c5 2. Nf3 d6 3. d4 cxd4 4. Nxd4 Nf6 5. Nc3 a6 6. f3 e5 7. Nde2 Be7 8. Ng3
Be6 9. Be2 O-O 10. Be3 b5 11. a3 Nbd7 12. O-O Nb6 13. Bf2 Rc8 14. Kh1 Nc4 15.
Qc1 Qc7 16. Nd1 Rfd8 17. Bd3 Nd7 18. Nf5 Bxf5 19. exf5 d5 20. b3 Nd6 21. Ne3
Nf6 22. Qe1 e4 23. fxe4 dxe4 24. Be2 Qc3 25. Qxc3 Rxc3 26. Rad1 h6 27. Rd2 Rdc8
28. Bd1 R8c6 29. Nd5 Nxd5 30. Rxd5 e3 31. Be1 R3c5 32. Rxc5 Rxc5 33. Bb4 Rxf5
34. Be2 Re5 35. Bxd6 Bxd6 36. g3 a5 37. c4 bxc4 38. Bxc4 Re7 39. a4 Bb4 40. Be2
Kf8 41. Rd1 Bd2 42. Kg2 f5 43. Rf1 Rf7 44. h4 g6 45. g4 f4 46. g5 hxg5 47. hxg5
Rf5 48. Kh3 Rxg5 49. Rxf4+ Ke7 50. Rg4 Rh5+ 51. Kg3 Rh6 52. Kf3 Kf6 53. Rf4+
Kg7 54. Rg4 Rh2 55. Rg2 Rh4 56. Rg4 Rh5 57. Kg2 Rf5 58. Kh3 g5 59. Rg3 Kh6 60.
Rf3 Re5 61. Rf6+ Kg7 62. Rf3 Re4 63. Rg3 Kf6 64. Rg4 Re5 65. Rg2 Rc5 66. Bc4
Kf5 67. Bd3+ Kf4 68. Be2 Rc3 69. Bc4 e2+ 0-1

[Event "GBR-ch106 Senior Over 65"]
[Site "Torquay"]
[Date "2019.07.31"]
[Round "3.21"]
[White "Collins, Peter M"]
[Black "Norman, Dinah M"]
[Result "1/2-1/2"]
[WhiteElo "1868"]
[BlackElo "1680"]
[PlyCount "39"]
[EventDate "2019.07.29"]
[EventType "swiss"]
[EventRounds "7"]
[EventCountry "GBR"]

1. d4 d5 2. Nc3 Nf6 3. Bf4 c6 4. e3 Bf5 5. Bd3 e6 6. Nf3 Nbd7 7. h3 h6 8. O-O
Bh7 9. Ne2 Bxd3 10. Qxd3 Ne4 11. c4 Be7 12. Rac1 O-O 13. Ne5 Nxe5 14. Bxe5 Bd6
15. Bxd6 Qxd6 16. c5 Qc7 17. Nc3 Nxc3 18. Rxc3 e5 19. Qf5 exd4 20. exd4 1/2-1/2

[Event "GBR-ch106 Senior Over 65"]
[Site "Torquay"]
[Date "2019.07.31"]
[Round "3.22"]
[White "Kearsley, Raymond J"]
[Black "Towers, Nigel S"]
[Result "0-1"]
[WhiteElo "1598"]
[BlackElo "1830"]
[PlyCount "112"]
[EventDate "2019.07.29"]
[EventType "swiss"]
[EventRounds "7"]
[EventCountry "GBR"]

1. e4 c6 2. d4 d5 3. exd5 cxd5 4. c4 Nf6 5. Nc3 Nc6 6. Nf3 g6 7. Bf4 a6 8. c5
Bg7 9. Be2 O-O 10. O-O Ne4 11. Be3 Nxc3 12. bxc3 e5 13. dxe5 Nxe5 14. Nxe5 Bxe5
15. Bd4 Qc7 16. h3 Bd7 17. Bf3 Bc6 18. Re1 Rae8 19. Qb3 Bxd4 20. cxd4 Qd7 21.
Qc3 Rxe1+ 22. Rxe1 Re8 23. Rxe8+ Qxe8 24. Qe3 Qe6 25. Bg4 Qxe3 26. fxe3 f5 27.
Bf3 Kf7 28. Kf2 Kf6 29. g4 g5 30. gxf5 Kxf5 31. Kg3 h6 32. h4 Kg6 33. hxg5 Kxg5
34. Bg4 h5 35. Bc8 h4+ 36. Kf3 Kf6 37. Kf4 Ke7 38. Kg4 Kd8 39. Bf5 Kc7 40. Kxh4
b6 41. cxb6+ Kxb6 42. Kg4 a5 43. Kf4 Kb5 44. Bd3+ Kb4 45. e4 Kc3 46. Ke3 Kb2
47. e5 Kxa2 48. Kd2 Kb2 49. Bc2 a4 50. Bxa4 Bxa4 51. e6 Be8 52. Kd3 Bg6+ 53.
Ke3 Kc3 54. e7 Kc4 55. Kf4 Kxd4 56. Kg3 Be8 0-1

[Event "GBR-ch106 Senior Over 65"]
[Site "Torquay"]
[Date "2019.07.31"]
[Round "3.23"]
[White "Levens, David G"]
[Black "Moore, Gillian A"]
[Result "0-1"]
[WhiteElo "1904"]
[BlackElo "1807"]
[PlyCount "90"]
[EventDate "2019.07.29"]
[EventType "swiss"]
[EventRounds "7"]
[EventCountry "GBR"]

1. d4 d5 2. Nf3 Nc6 3. e3 Bf5 4. Bd3 Bxd3 5. cxd3 e6 6. O-O Nf6 7. Nc3 Be7 8.
e4 O-O 9. Bf4 Nh5 10. Bd2 dxe4 11. Nxe4 g6 12. Bc3 Ng7 13. Nc5 b6 14. Nb3 Qd5
15. Qe2 Rad8 16. Rac1 f5 17. Rfe1 a5 18. Bd2 Rd7 19. Bh6 Bb4 20. Bxg7 Kxg7 21.
Red1 Bd6 22. Re1 Re8 23. Ne5 Bxe5 24. dxe5 Nb4 25. d4 a4 26. Rc4 axb3 27. Rxb4
bxa2 28. b3 Ra8 29. Ra1 Rdd8 30. h3 Qa5 31. Rc4 c5 32. b4 Qa3 33. bxc5 bxc5 34.
Rc2 Qb3 35. Rb2 Qd5 36. dxc5 Qxc5 37. Rbxa2 Rxa2 38. Rxa2 Qc1+ 39. Kh2 Qf4+ 40.
g3 Qd4 41. Ra6 Qd5 42. Qe3 Rd7 43. Qc3 Kf7 44. Rc6 f4 45. Rxe6 Qxe6 0-1

[Event "GBR-ch106 Senior Over 65"]
[Site "Torquay"]
[Date "2019.07.31"]
[Round "3.24"]
[White "Smith, David"]
[Black "Rhodes, Lawrence"]
[Result "1/2-1/2"]
[WhiteElo "1878"]
[BlackElo "1607"]
[PlyCount "35"]
[EventDate "2019.07.29"]
[EventType "swiss"]
[EventRounds "7"]
[EventCountry "GBR"]

1. e4 g6 2. d4 Bg7 3. c4 d6 4. Nc3 e5 5. d5 h5 6. Be3 Bh6 7. Qd2 Bxe3 8. Qxe3
Nd7 9. Bd3 Nh6 10. f3 Nc5 11. Bc2 a5 12. Na4 Nxa4 13. Bxa4+ Bd7 14. Bxd7+ Qxd7
15. Ne2 Qe7 16. Nc3 f6 17. a3 f5 18. g3 1/2-1/2

[Event "GBR-ch106 Senior Over 65"]
[Site "Torquay"]
[Date "2019.08.01"]
[Round "4.1"]
[White "Burnett, Jim"]
[Black "Friedgood, David"]
[Result "1/2-1/2"]
[WhiteElo "2018"]
[BlackElo "2177"]
[PlyCount "52"]
[EventDate "2019.07.29"]
[EventType "swiss"]
[EventRounds "7"]
[EventCountry "GBR"]

1. d4 g6 2. Nf3 Bg7 3. c4 d6 4. g3 Nf6 5. Bg2 O-O 6. Nc3 Nc6 7. O-O Rb8 8. d5
Na5 9. Nd2 c5 10. Qc2 e5 11. b3 Nh5 12. e3 f5 13. f4 e4 14. Bb2 a6 15. Rab1 Bd7
16. Ne2 Bxb2 17. Rxb2 b5 18. Rfb1 Nf6 19. h3 Qc7 20. Nc3 b4 21. Nd1 Nb7 22. Nf2
a5 23. Kh2 Ra8 24. Rg1 Kf7 25. Bf1 h5 26. Be2 Rh8 1/2-1/2

[Event "GBR-ch106 Senior Over 65"]
[Site "Torquay"]
[Date "2019.08.01"]
[Round "4.2"]
[White "Myall, Ivan J"]
[Black "Norman, Kenneth I"]
[Result "0-1"]
[WhiteElo "1993"]
[BlackElo "2121"]
[PlyCount "84"]
[EventDate "2019.07.29"]
[EventType "swiss"]
[EventRounds "7"]
[EventCountry "GBR"]

1. e4 e5 2. Bc4 Nf6 3. Nc3 Nc6 4. d3 Bc5 5. f4 d6 6. Nf3 Bg4 7. h3 Bxf3 8. Qxf3
Nd4 9. Qg3 Nh5 10. Qg4 g6 11. fxe5 dxe5 12. Bg5 f6 13. Bh6 Qd7 14. O-O-O O-O-O
15. Rhf1 c6 16. Qxd7+ Kxd7 17. g4 Nf4 18. Bg7 Ke7 19. Bxh8 Rxh8 20. h4 h5 21.
gxh5 Rxh5 22. Rh1 Nf3 23. Rdf1 Nxh4 24. Kd1 g5 25. Ne2 Nxe2 26. Kxe2 g4 27.
Rfg1 Bxg1 28. Rxg1 Rg5 29. Kf2 Ng6 30. d4 exd4 31. Kg3 Ne5 32. Be2 Rh5 33. Rg2
Ke6 34. b3 c5 35. Rf2 Rh3+ 36. Kg2 Re3 37. Bf1 Rxe4 38. Kg3 Re3+ 39. Kg2 f5 40.
Rf4 Ng6 41. Rf2 Ke5 42. Rd2 f4 0-1

[Event "GBR-ch106 Senior Over 65"]
[Site "Torquay"]
[Date "2019.08.01"]
[Round "4.3"]
[White "Page, Mark E"]
[Black "Habershon, Paul F"]
[Result "1-0"]
[WhiteElo "2102"]
[BlackElo "2017"]
[PlyCount "89"]
[EventDate "2019.07.29"]
[EventType "swiss"]
[EventRounds "7"]
[EventCountry "GBR"]

1. e4 Nf6 2. e5 Nd5 3. d4 d6 4. Nf3 Bg4 5. Be2 c6 6. O-O Bxf3 7. Bxf3 dxe5 8.
dxe5 e6 9. Qe2 Nd7 10. c4 Ne7 11. Bf4 Ng6 12. Bg3 Qa5 13. Re1 Bb4 14. Nc3 Bxc3
15. bxc3 O-O 16. h4 Qxc3 17. h5 Ne7 18. Rac1 Qa5 19. Be4 Nc5 20. Bb1 Nf5 21.
Bf4 Rad8 22. h6 g6 23. Bg5 Nd4 24. Qe3 Rd7 25. g4 f5 26. exf6 Kf7 27. Bf4 Na4
28. Kg2 c5 29. Be5 Re8 30. Be4 Qd8 31. Qa3 Nb6 32. Qxc5 Nc6 33. Bxc6 bxc6 34.
Qxc6 Qa8 35. Qxa8 Rxa8 36. c5 Nd5 37. c6 Rdd8 38. g5 a5 39. Re2 Nb4 40. c7 Rdc8
41. Rd2 Nd5 42. a3 Ra6 43. Rb2 Ke8 44. Rb8 Nb6 45. Rc6 1-0

[Event "GBR-ch106 Senior Over 65"]
[Site "Torquay"]
[Date "2019.08.01"]
[Round "4.4"]
[White "Emerson, Roger"]
[Black "Blewitt, Stephen D"]
[Result "1-0"]
[WhiteElo "2181"]
[BlackElo "1744"]
[PlyCount "115"]
[EventDate "2019.07.29"]
[EventType "swiss"]
[EventRounds "7"]
[EventCountry "GBR"]

1. e4 c5 2. Nf3 Nc6 3. c3 d5 4. exd5 Qxd5 5. d4 cxd4 6. cxd4 e5 7. Nc3 Bb4 8.
Bd2 Bxc3 9. Bxc3 e4 10. Nd2 Nf6 11. Qb3 Qxb3 12. Nxb3 O-O 13. Bc4 Rd8 14. O-O
Bf5 15. Rad1 Nd5 16. Rfe1 Rac8 17. Bxd5 Rxd5 18. Nc5 b6 19. Nxe4 Rcd8 20. Ng3
Bg6 21. Ne2 R5d7 22. h3 f6 23. a3 Bc2 24. Rc1 Bb3 25. Ng3 Nxd4 26. Bxd4 Rxd4
27. Rc7 R8d7 28. Re7 Rxe7 29. Rxe7 Rd2 30. Rxa7 Rxb2 31. Nh5 Kf8 32. Nxg7 b5
33. Nh5 Rb1+ 34. Kh2 Rb2 35. f3 Ra2 36. Nxf6 h6 37. Ne4 Ba4 38. Nc3 Rxa3 39.
Nxb5 Rb3 40. Rxa4 Rxb5 41. Ra7 h5 42. h4 Kg8 43. Kg3 Rf5 44. Kh3 Kf8 45. Ra3
Kg7 46. g4 Rb5 47. Kg3 Rb4 48. Ra5 hxg4 49. fxg4 Kg6 50. h5+ Kh6 51. Ra6+ Kh7
52. Kh4 Rb5 53. Rf6 Kg7 54. Rf5 Rb1 55. Kg5 Rh1 56. Ra5 Kf7 57. Ra7+ Kg8 58.
Kg6 1-0

[Event "GBR-ch106 Senior Over 65"]
[Site "Torquay"]
[Date "2019.08.01"]
[Round "4.5"]
[White "Wager, John D"]
[Black "Bowmer, Kevin"]
[Result "1-0"]
[WhiteElo "2014"]
[BlackElo "2107"]
[PlyCount "53"]
[EventDate "2019.07.29"]
[EventType "swiss"]
[EventRounds "7"]
[EventCountry "GBR"]

1. Nf3 c5 2. b3 Nf6 3. Bb2 e6 4. c4 d5 5. cxd5 exd5 6. g3 Nc6 7. Bg2 Be7 8. O-O
O-O 9. d4 b6 10. Nc3 Bb7 11. Rc1 Rc8 12. e3 Re8 13. dxc5 bxc5 14. a3 d4 15.
exd4 Nxd4 16. Nxd4 Bxg2 17. Kxg2 cxd4 18. Ne2 Rxc1 19. Nxc1 Bc5 20. Qf3 Bb6 21.
Rd1 Ne4 22. h4 h6 23. Ne2 Nxf2 24. Qxf2 d3 25. Nd4 Bxd4 26. Qxd4 Re2+ 27. Kf1
1-0

[Event "GBR-ch106 Senior Over 65"]
[Site "Torquay"]
[Date "2019.08.01"]
[Round "4.6"]
[White "Hutchinson, Norman A"]
[Black "Brameld, Arthur F"]
[Result "1-0"]
[WhiteElo "1983"]
[BlackElo "2091"]
[PlyCount "75"]
[EventDate "2019.07.29"]
[EventType "swiss"]
[EventRounds "7"]
[EventCountry "GBR"]

1. e4 e6 2. d4 d5 3. Nd2 dxe4 4. Nxe4 Nd7 5. Nf3 Ngf6 6. Nxf6+ Nxf6 7. Bd3 c5
8. O-O cxd4 9. Nxd4 Be7 10. Re1 O-O 11. Nf3 b6 12. Bf4 Bb7 13. Qe2 Nd5 14. Qe4
f5 15. Qxe6+ Kh8 16. Bd2 Rf6 17. Qe2 Bd6 18. Bg5 Nf4 19. Bxf4 Bxf4 20. Rad1 Qf8
21. g3 Bc6 22. Bb5 Be4 23. Nh4 Rh6 24. Ng2 Bd6 25. Bd3 Bc5 26. Bxe4 fxe4 27.
Ne3 Re8 28. Rd7 Rf6 29. Red1 Rf3 30. c3 h5 31. b4 Bxe3 32. fxe3 Kh7 33. R1d5
Rf5 34. Qb5 Rxd5 35. Qxd5 Kh6 36. Rf7 Qg8 37. h4 g5 38. Qd6+ 1-0

[Event "GBR-ch106 Senior Over 65"]
[Site "Torquay"]
[Date "2019.08.01"]
[Round "4.7"]
[White "Anderton, David W"]
[Black "Pickersgill, Adrian O"]
[Result "1/2-1/2"]
[WhiteElo "2088"]
[BlackElo "1948"]
[PlyCount "91"]
[EventDate "2019.07.29"]
[EventType "swiss"]
[EventRounds "7"]
[EventCountry "GBR"]

1. d4 d6 2. Nf3 Bg4 3. c4 Nd7 4. Nc3 e5 5. g3 c6 6. Bg2 Be7 7. O-O Ngf6 8. h3
Bh5 9. Nh4 O-O 10. Nf5 Bg6 11. Nxe7+ Qxe7 12. d5 c5 13. e4 Nb6 14. Qe2 Nfd7 15.
g4 f6 16. Be3 h6 17. a3 a5 18. Rab1 Rfc8 19. Rfc1 Be8 20. f3 Qd8 21. Bf1 Rab8
22. Qd2 Nf8 23. Ne2 Nbd7 24. Ng3 Bg6 25. Bd3 b6 26. Kf2 Qe7 27. Rh1 Kf7 28. h4
Rc7 29. a4 Rbb7 30. Rbg1 Ke8 31. b3 Nb8 32. g5 h5 33. Nf5 Bxf5 34. exf5 Nfd7
35. Be4 Qf8 36. gxf6 Nxf6 37. Rg6 Rf7 38. Rhg1 Nbd7 39. Ke2 Qh8 40. Kd3 Nf8 41.
R6g3 N8d7 42. Bg5 Kd8 43. Qg2 Kc8 44. Bxf6 Nxf6 45. Rg6 Rbd7 46. Qg3 1/2-1/2

[Event "GBR-ch106 Senior Over 65"]
[Site "Torquay"]
[Date "2019.08.01"]
[Round "4.8"]
[White "Campbell, Ian"]
[Black "Bray, Dave J"]
[Result "1/2-1/2"]
[WhiteElo "1945"]
[BlackElo "2085"]
[PlyCount "96"]
[EventDate "2019.07.29"]
[EventType "swiss"]
[EventRounds "7"]
[EventCountry "GBR"]

1. Nf3 c5 2. e3 d5 3. b3 Nf6 4. Bb2 a6 5. d4 e6 6. Nbd2 Nc6 7. a3 cxd4 8. exd4
Be7 9. Bd3 b5 10. O-O O-O 11. Ne5 Bb7 12. Qe2 Qb6 13. Ndf3 Rac8 14. Nxc6 Qxc6
15. Ne5 Qc7 16. Rfe1 Bd6 17. h3 Rfe8 18. Rac1 Qe7 19. Ra1 Ne4 20. c4 Bxe5 21.
dxe5 bxc4 22. bxc4 Nc5 23. cxd5 Bxd5 24. Qe3 Qb7 25. Bc1 Bxg2 26. Rb1 Qd5 27.
Rd1 Qf3 28. Be2 Qxh3 29. Qxh3 Bxh3 30. Be3 Ne4 31. Bxa6 Rb8 32. Rxb8 Rxb8 33.
Ba7 Rf8 34. f3 Nc3 35. Rd3 Nd5 36. Bb7 Nf4 37. Rb3 h5 38. a4 Rd8 39. Be3 Nd5
40. Kf2 Bf5 41. a5 Bc2 42. Rb2 Bd3 43. a6 Bxa6 44. Bxa6 Nxe3 45. Kxe3 g6 46.
Bd3 Rd7 47. Be4 Kg7 48. Kf4 Ra7 1/2-1/2

[Event "GBR-ch106 Senior Over 65"]
[Site "Torquay"]
[Date "2019.08.01"]
[Round "4.9"]
[White "Moore, Geoffrey R"]
[Black "Hewson, Brian WR"]
[Result "0-1"]
[WhiteElo "1964"]
[BlackElo "2035"]
[PlyCount "78"]
[EventDate "2019.07.29"]
[EventType "swiss"]
[EventRounds "7"]
[EventCountry "GBR"]

1. e4 c6 2. d4 d5 3. e5 c5 4. Nf3 e6 5. c3 Nc6 6. Bd3 Bd7 7. O-O cxd4 8. cxd4
Nb4 9. Be2 Rc8 10. Nc3 a6 11. Re1 Ne7 12. a3 Nbc6 13. Bd3 Na5 14. Ne2 Ng6 15.
g3 Qb6 16. b4 Nc4 17. h4 Be7 18. Bb1 a5 19. h5 Nf8 20. bxa5 Qxa5 21. h6 g6 22.
Bg5 Bxg5 23. Nxg5 Nb2 24. Nxf7 Kxf7 25. Bxg6+ hxg6 26. Qb1 Qd2 27. Nf4 Rxh6 28.
Re2 Qd1+ 29. Qxd1 Nxd1 30. Rxd1 g5 31. Ng2 Rc3 32. Re3 Rxe3 33. Nxe3 Ng6 34.
Kg2 Ne7 35. Kf3 Rh8 36. Ng4 Bc6 37. Nf6 Kg6 38. Kg4 Nf5 39. f4 Ne3+ 0-1

[Event "GBR-ch106 Senior Over 65"]
[Site "Torquay"]
[Date "2019.08.01"]
[Round "4.10"]
[White "Hutchinson, Paul A"]
[Black "Kelly, Ian G"]
[Result "1-0"]
[WhiteElo "2177"]
[BlackElo "2000"]
[PlyCount "69"]
[EventDate "2019.07.29"]
[EventType "swiss"]
[EventRounds "7"]
[EventCountry "GBR"]

1. d4 Nf6 2. Nf3 c5 3. c3 b6 4. Bf4 g6 5. e3 Bg7 6. h3 O-O 7. Nbd2 d5 8. Bd3
Bb7 9. O-O Nbd7 10. a4 Ne4 11. Qe2 Nxd2 12. Nxd2 e5 13. dxe5 Nxe5 14. Bc2 Re8
15. Rfd1 Qe7 16. Nb3 a6 17. Qf1 Rad8 18. Nc1 Nc6 19. Bd3 d4 20. exd4 cxd4 21.
Na2 dxc3 22. bxc3 Na5 23. Bxa6 Rxd1 24. Rxd1 Qe6 25. Bxb7 Nxb7 26. Nb4 Nc5 27.
Qb5 h5 28. Be3 Rc8 29. Nd5 Ne4 30. Qxb6 Qxb6 31. Bxb6 Ra8 32. a5 Nxc3 33. Nxc3
Bxc3 34. Rd8+ Rxd8 35. Bxd8 1-0

[Event "GBR-ch106 Senior Over 65"]
[Site "Torquay"]
[Date "2019.08.01"]
[Round "4.11"]
[White "Wright, Daniel"]
[Black "Gamble, Raymond J"]
[Result "1/2-1/2"]
[WhiteElo "2235"]
[BlackElo "1835"]
[PlyCount "46"]
[EventDate "2019.07.29"]
[EventType "swiss"]
[EventRounds "7"]
[EventCountry "GBR"]

1. Nf3 Nf6 2. c4 e6 3. g3 d5 4. Bg2 Be7 5. O-O O-O 6. b3 c6 7. Bb2 Nbd7 8. d3
b6 9. Nbd2 Bb7 10. Rc1 c5 11. cxd5 exd5 12. d4 Re8 13. Rc2 Bd6 14. Re1 Ne4 15.
e3 Rc8 16. Qe2 Ndf6 17. Rd1 Qe7 18. Nxe4 dxe4 19. Ne1 h5 20. dxc5 Bxc5 21. Rcd2
Red8 22. Nc2 Rxd2 23. Qxd2 a5 1/2-1/2

[Event "GBR-ch106 Senior Over 65"]
[Site "Torquay"]
[Date "2019.08.01"]
[Round "4.12"]
[White "Thynne, Trefor F"]
[Black "Shephard, Chris CW"]
[Result "0-1"]
[WhiteElo "1913"]
[BlackElo "2214"]
[PlyCount "108"]
[EventDate "2019.07.29"]
[EventType "swiss"]
[EventRounds "7"]
[EventCountry "GBR"]

1. d4 d6 2. Bf4 Nd7 3. Nf3 g6 4. e3 Bg7 5. h3 e5 6. Bh2 Qe7 7. Be2 Nh6 8. c4 f5
9. Nc3 c6 10. O-O O-O 11. dxe5 dxe5 12. Re1 Nf7 13. Rb1 Rd8 14. Qc2 Nf8 15.
Rbd1 Bd7 16. a3 Ne6 17. b4 a5 18. Qb3 axb4 19. axb4 Be8 20. c5 Rxd1 21. Rxd1
Nc7 22. Nd2 Bd7 23. Bc4 Be6 24. Na4 Rd8 25. Kf1 Nd5 26. Ke2 Qg5 27. Kf1 e4 28.
Bf4 Nxf4 29. exf4 Bxc4+ 30. Nxc4 Rxd1+ 31. Qxd1 Qxf4 32. Nd6 Be5 33. Nxf7 Kxf7
34. Qd7+ Kf6 35. Qd8+ Kg7 36. Qe7+ Kh6 37. g3 Qc1+ 38. Kg2 Bxg3 39. fxg3 Qc2+
40. Kg1 Qd1+ 41. Kf2 Qf3+ 42. Ke1 Qxg3+ 43. Ke2 Qd3+ 44. Kf2 Qf3+ 45. Ke1 Qxh3
46. Qxb7 Qe3+ 47. Kf1 Qc1+ 48. Ke2 Qc2+ 49. Ke3 Qxa4 50. b5 Qa3+ 51. Ke2 Qd3+
52. Kf2 e3+ 53. Kg2 Qe4+ 54. Kg1 e2 0-1

[Event "GBR-ch106 Senior Over 65"]
[Site "Torquay"]
[Date "2019.08.01"]
[Round "4.13"]
[White "Charnley, Bernard J"]
[Black "Orton, Stephen LA"]
[Result "1-0"]
[WhiteElo "1875"]
[BlackElo "2167"]
[PlyCount "71"]
[EventDate "2019.07.29"]
[EventType "swiss"]
[EventRounds "7"]
[EventCountry "GBR"]

1. e4 c5 2. Nc3 Nc6 3. g3 g6 4. Bg2 Bg7 5. d3 e6 6. Be3 Nd4 7. Nce2 Ne7 8. c3
Nxe2 9. Nxe2 b6 10. d4 cxd4 11. cxd4 d5 12. f3 O-O 13. O-O Bb7 14. Qd2 Qd7 15.
Bh6 Rfd8 16. Bxg7 Kxg7 17. Rfd1 Rac8 18. Nc3 b5 19. a3 a6 20. g4 dxe4 21. fxe4
e5 22. d5 Qxg4 23. Qe3 Rd6 24. Kh1 Qh4 25. Rf1 Rc4 26. Rf3 h6 27. Rg3 Ng8 28.
Rf1 Nf6 29. Qf2 Kh7 30. Qe3 Bc8 31. Qa7 Rd7 32. Qb8 Ng4 33. Bh3 Rdc7 34. Kg2
Rxc3 35. bxc3 Rc4 36. Bxg4 1-0

[Event "GBR-ch106 Senior Over 65"]
[Site "Torquay"]
[Date "2019.08.01"]
[Round "4.14"]
[White "Jones, Chris"]
[Black "Walkowiak, Adam"]
[Result "1-0"]
[WhiteElo "2036"]
[BlackElo "1698"]
[PlyCount "73"]
[EventDate "2019.07.29"]
[EventType "swiss"]
[EventRounds "7"]
[EventCountry "GBR"]

1. d4 Nf6 2. Bf4 d5 3. e3 c5 4. Nd2 Nc6 5. c3 Qb6 6. Qb3 c4 7. Qc2 g6 8. Ngf3
Bf5 9. Qc1 Bg7 10. Be2 O-O 11. b3 cxb3 12. axb3 Ng4 13. h3 Nf6 14. O-O Rfc8 15.
Qb2 Nd7 16. g4 Be4 17. Nxe4 dxe4 18. Nd2 e5 19. Nc4 Qc7 20. Bg3 Ne7 21. Rac1 f5
22. f4 b5 23. Nxe5 Nd5 24. Bf2 Rab8 25. c4 bxc4 26. Bxc4 Qb7 27. Qa3 Bf8 28.
Qa5 N7f6 29. g5 Bb4 30. Qa2 Nd7 31. Ba6 Rxc1 32. Rxc1 Nxe5 33. Bxb7 Nf3+ 34.
Kg2 Rxb7 35. Qa6 Re7 36. Qc4 Rd7 37. Qc8+ 1-0

[Event "GBR-ch106 Senior Over 65"]
[Site "Torquay"]
[Date "2019.08.01"]
[Round "4.15"]
[White "Towers, Nigel S"]
[Black "Milnes, Anthony CP"]
[Result "1-0"]
[WhiteElo "1830"]
[BlackElo "1974"]
[PlyCount "101"]
[EventDate "2019.07.29"]
[EventType "swiss"]
[EventRounds "7"]
[EventCountry "GBR"]

1. e4 e6 2. d4 d5 3. Nd2 Nc6 4. Ngf3 Nf6 5. e5 Nd7 6. c3 f6 7. Bb5 fxe5 8. dxe5
Be7 9. Nd4 Nxd4 10. cxd4 O-O 11. Bd3 Qe8 12. Qc2 Qh5 13. Be2 Qf7 14. Nf3 c5 15.
Be3 cxd4 16. Bxd4 b6 17. O-O Nc5 18. Nd2 Ba6 19. Bxa6 Nxa6 20. Rac1 Nb4 21. Qb1
Qf5 22. Qxf5 Rxf5 23. a3 Nd3 24. Rc6 Nf4 25. Re1 Bc5 26. Nb3 Bxd4 27. Nxd4 Nd3
28. Nxf5 Nxe1 29. Rxe6 Nd3 30. Re7 Rf8 31. g4 Kh8 32. e6 Ne5 33. h3 Nf3+ 34.
Kg2 Ng5 35. Nxg7 d4 36. Nf5 d3 37. Ne3 d2 38. Rd7 Nxe6 39. Rxd2 Nc5 40. Nf5 h5
41. b4 hxg4 42. hxg4 Ne6 43. Rd7 Ra8 44. Re7 Nf4+ 45. Kg3 Nd5 46. Rd7 Nc3 47.
Kh4 a5 48. Kh5 Ne4 49. g5 Rf8 50. Nh6 Rxf2 51. Kg6 1-0

[Event "GBR-ch106 Senior Over 65"]
[Site "Torquay"]
[Date "2019.08.01"]
[Round "4.16"]
[White "Ramage, Colin R"]
[Black "Stimpson, Philip M"]
[Result "1/2-1/2"]
[WhiteElo "1798"]
[BlackElo "1935"]
[PlyCount "59"]
[EventDate "2019.07.29"]
[EventType "swiss"]
[EventRounds "7"]
[EventCountry "GBR"]

1. e4 e6 2. d4 d5 3. exd5 exd5 4. Nf3 Nf6 5. Bg5 Be7 6. Bd3 Be6 7. Nbd2 Nbd7 8.
c3 c6 9. O-O O-O 10. Qc2 h6 11. Bh4 c5 12. Rfe1 Rc8 13. Bf5 Rc6 14. Bxe6 fxe6
15. dxc5 Bxc5 16. Nb3 Qb6 17. Rac1 Ne4 18. Nfd4 Rcc8 19. f3 Rf4 20. fxe4 Rxh4
21. Kh1 Bd6 22. Nf3 Rf4 23. exd5 e5 24. Re4 Rcf8 25. Rxf4 Rxf4 26. c4 Nc5 27.
Nxc5 Bxc5 28. Re1 Bd4 29. Nxd4 Qxd4 30. Qd1 1/2-1/2

[Event "GBR-ch106 Senior Over 65"]
[Site "Torquay"]
[Date "2019.08.01"]
[Round "4.17"]
[White "De Coverly, Roger D"]
[Black "Moore, Gillian A"]
[Result "1-0"]
[WhiteElo "1928"]
[BlackElo "1807"]
[PlyCount "81"]
[EventDate "2019.07.29"]
[EventType "swiss"]
[EventRounds "7"]
[EventCountry "GBR"]

1. e4 Nf6 2. e5 Nd5 3. c4 Nb6 4. c5 Nd5 5. d4 e6 6. Nf3 d6 7. cxd6 cxd6 8. Be2
Nc6 9. exd6 Bxd6 10. O-O O-O 11. Nc3 Nxc3 12. bxc3 Qc7 13. c4 b6 14. Bb2 Bb7
15. Rc1 Bf4 16. Rb1 Rfd8 17. g3 Bh6 18. Qa4 Ne7 19. Rfd1 a6 20. Qb3 Bc6 21. Ba3
Rab8 22. Ne5 Ba8 23. Bf3 Bxf3 24. Qxf3 Rf8 25. Kg2 Bg5 26. h4 Bh6 27. Bxe7 Qxe7
28. Nc6 Qb7 29. Nxb8 Qxf3+ 30. Kxf3 Rxb8 31. a4 g6 32. Rd3 Bg7 33. d5 e5 34.
Rdb3 Rc8 35. Rxb6 Rxc4 36. Rxa6 e4+ 37. Kg2 Bd4 38. d6 Rc2 39. d7 Rxf2+ 40. Kh3
Bf6 41. Rxf6 1-0

[Event "GBR-ch106 Senior Over 65"]
[Site "Torquay"]
[Date "2019.08.01"]
[Round "4.18"]
[White "Marshall, Michael O"]
[Black "Hughes, Peter"]
[Result "1-0"]
[WhiteElo "1885"]
[BlackElo "1794"]
[PlyCount "67"]
[EventDate "2019.07.29"]
[EventType "swiss"]
[EventRounds "7"]
[EventCountry "GBR"]

1. d4 d6 2. Nf3 c6 3. e4 Nd7 4. Bc4 h6 5. O-O Qc7 6. Be3 Ngf6 7. Nc3 g5 8. Bd3
Bg7 9. Ne2 Nf8 10. c4 Ng6 11. Ne1 Ng4 12. Ng3 Nf6 13. Rc1 Bd7 14. b4 Nf4 15.
Bxf4 gxf4 16. Nf5 Bxf5 17. exf5 h5 18. Nf3 h4 19. h3 Nd7 20. Re1 Nb6 21. Qe2
Bf6 22. a3 O-O-O 23. d5 Kb8 24. dxc6 bxc6 25. Be4 Rhg8 26. Nd2 Nd7 27. b5 c5
28. f3 Bd4+ 29. Kh1 Rg5 30. Qd3 Ne5 31. Qb3 Rdg8 32. Re2 Qa5 33. Qc2 Kc7 34. a4
1-0